MARC

LEADER 00000nam0a2200000 4500
001 127149
005 20231031132122.0
035 |a (RuTPU)RU\TPU\book\137533 
090 |a 127149 
100 |a 20071210d k y0rusy50 ca 
101 0 |a rus 
102 |a RU 
105 |a a z 001zy 
200 1 |a Емкостный отбор мощностиот линий от линий электропередачи  |f Д. Н. Булашевич, В. Д. Юренков 
210 |a Москва  |c Госэнергоиздат  |d 1959  |a Ленинград 
215 |a 135 с.  |c ил. 
320 |a Библиогр. в конце кн.( 24 назв. ) 
610 1 |a электрические линии 
610 1 |a электрические передачи 
610 1 |a отбор 
610 1 |a мощность 
610 1 |a антенны 
610 1 |a напряжение 
610 1 |a режимы работы 
610 1 |a светоограждение 
610 1 |a опоры 
610 1 |a конденсаторы 
610 1 |a расчет 
675 |a 621.315.1.022.016  |v 3 
700 1 |a Булашевич  |b Д. Н.  |g Дмитрий Николаевич 
701 1 |a Юренков  |b В. Д.  |g Виктор Дмитриевич 
801 1 |a RU  |b 63413507  |c 20071210  |g PSBO 
801 2 |a RU  |b 63413507  |c 20150427  |g PSBO 
942 |c BK